000 00636cam a22002052 4500
001 0000020956
005 20151021153051.0
008 120104s xx 000 0 eng d
020 _a0192806277 :
040 _aKABU
_cKABU
245 1 2 _aA dictionary of accounting. /
_c[edited by] Jonathan Law.
250 _a3rd ed.
260 _aOxford ;
_aNew York :
_bOxford University Press,
_c2005.
300 _avi, 439 p.
650 0 _aAccounting
_vDictionaries.
_@0000180533
700 1 _aLaw, Jonathan.
_@0000180556
852 1 _9p1250 KES
908 _a120104
950 _@1
999 _c1726
_d1726